Geboren in Altenburg - Statistiken

Allgemein
  • Dieses Quiz wurde 17 mal gespielt
  • Das Durchschnittsergebnis liegt bei 1 aus 6
Antwortstatistiken
Hinweis Antwort % Korrekt
Schauspielerin, ihre Schwester Anja ist ebenfalls Schauspielerin 1965 Gerit Kling
94%
ehemaliger Fußballtorwart, absolvierte drei Partien für die DDR-Auswahl und spielte vor allem für Carl Zeiss Jena und Hansa Rostock 1963 Perry Bräutigam
19%
Journalist, Verleger und einer der ersten Gründer eines Kindergartens in den USA 1819 Adolph Douai
0%
Illustrator der Schwarzer Peter Spielkarten 1882 Otto Pech
0%
Schriftstellerin der Romantik, "Amanda und Eduard" "Das Blüthenalter der Empfindung" 1770 Sophie Mereau
0%
ehemaliger DDR-Fußballnationalspieler (Manchester City, Dresden, Magdeburg, Kaiserslautern) 1968 Uwe Rösler
0%
Keine übereinstimmenden Quizze gefunden
Verteilung der Resultate
Anzahl Personen mit jedem Resultat
Perzentil nach korrekt beantworteten Fragen
Ihre Resultats-Entwicklung
Sie haben dieses Quiz noch nicht gespielt